<?xml version="1.0" encoding="UTF-8"?>
<marc:record xmlns:marc="http://www.loc.gov/MARC21/slim">
   <marc:leader>00000nam a2200000 a 4500</marc:leader>
   <marc:datafield ind1="1" ind2=" " tag="100">
      <marc:subfield code="a">Holzapfel, Cindy</marc:subfield>
      <marc:subfield code="4">aut</marc:subfield>
      <marc:subfield code="e">Verfasser/-in</marc:subfield>
   </marc:datafield>
   <marc:datafield ind1=" " ind2=" " tag="653">
      <marc:subfield code="a">Meer</marc:subfield>
   </marc:datafield>
   <marc:datafield ind1=" " ind2=" " tag="653">
      <marc:subfield code="a">Leobener Autorin</marc:subfield>
   </marc:datafield>
   <marc:datafield ind1=" " ind2=" " tag="653">
      <marc:subfield code="a">Liebe</marc:subfield>
   </marc:datafield>
   <marc:datafield ind1=" " ind2=" " tag="653">
      <marc:subfield code="a">Mallorca</marc:subfield>
   </marc:datafield>
   <marc:datafield ind1=" " ind2=" " tag="653">
      <marc:subfield code="a">Leoben</marc:subfield>
   </marc:datafield>
   <marc:datafield ind1="0" ind2="0" tag="245">
      <marc:subfield code="a">Manchmal braucht die Liebe ein wenig Meer</marc:subfield>
   </marc:datafield>
   <marc:datafield ind1="0" ind2="0" tag="245">
      <marc:subfield code="c">Cindy Holzapfel</marc:subfield>
   </marc:datafield>
   <marc:datafield ind1=" " ind2="1" tag="264">
      <marc:subfield code="a">Sontheim</marc:subfield>
      <marc:subfield code="b">Rebel Stories Verlag</marc:subfield>
      <marc:subfield code="c">2022</marc:subfield>
   </marc:datafield>
   <marc:datafield ind1="1" ind2=" " tag="520">
      <marc:subfield code="a">Anna lebt mit ihrem Vater in einer kleinen Gemeinde in Österreich. Dort dreht sich ihr Leben hauptsächlich um den eigensinnigen Vater, den sie glaubt nicht alleine lassen zu können. Selbst ihre eigenen Bedürfnisse stellt sie stets hinten an. Aber alles ändert sich, als Anna unerwartet zur Hochzeit ihrer Mutter auf Mallorca eingeladen wird, zu der sie seit der Trennung der Eltern vor Jahren kaum noch Kontakt hat. Zum ersten Mal reist Anna in ein fremdes Land und fürchtet sich nicht nur vor dem Flug, sondern auch vor der Konfrontation mit ihrer Vergangenheit. Auf dem Flughafen kommt es zu einem peinlichen Missverständnis mit ihrem Freund Felix und sie ist froh, einige Tage der Heimat entfliehen zu können. Doch findet Anna auf der Insel ihr Glück? Schon bald lernt sie, dass man im Leben manchmal eine Abzweigung nehmen muss, um an das Ziel zu kommen.</marc:subfield>
   </marc:datafield>
   <marc:datafield ind1=" " ind2=" " tag="020">
      <marc:subfield code="a">9783910386006</marc:subfield>
      <marc:subfield code="9">9783910386006</marc:subfield>
   </marc:datafield>
   <marc:datafield ind1=" " ind2=" " tag="020">
      <marc:subfield code="a">3910386008</marc:subfield>
      <marc:subfield code="9">3910386008</marc:subfield>
   </marc:datafield>
   <marc:datafield ind1=" " ind2=" " tag="041">
      <marc:subfield code="a">ger</marc:subfield>
   </marc:datafield>
   <marc:datafield ind1=" " ind2=" " tag="300">
      <marc:subfield code="a">393 Seiten</marc:subfield>
   </marc:datafield>
</marc:record>
